| 000 | 00431cam a2200181ua 4500 | ||
|---|---|---|---|
| 001 | 3375 | ||
| 008 | 111019n ii |||gr||||Z||||||asm | ||
| 040 | _cMAIN | ||
| 082 | _a891.4513 | ||
| 100 | 1 | _aSarmah, Dimbeswar, | |
| 245 | 1 | 1 |
_aBhalpowar arant _cby Dimbeswar Sarmah |
| 250 | _a1st. | ||
| 260 |
_aGuahati: _bLabanya Devi,982. |
||
| 300 |
_a183p: _c23cm. |
||
| 653 | _aAssamese novel | ||
| 653 | _aBhalpowar arant | ||
| 942 | _cBK | ||
| 999 |
_c3220 _d3220 |
||